Rozprávanie o Draculovi keď Wisborg ležal na Orave

Bibliographic Details
Main Author: Rumanovský, Ivan, 1929-2001 (Author)
Format: Article
Language:Slovak
Subjects:

MARC

LEADER 00000nab a2200000 a 4500
001 vtls000512404
003 SK-MaSNL
005 20260304000534.0
008 150501c1994 xo 0 slo
015 |a SNBRB19rr/mm-uuuuu 
035 |a CL0512542 
040 |a SNKBUCL  |b slo  |c SNKBUCL  |e AACR2 
041 0 |a slo 
044 |a xo  |c SK 
080 |a 791.43(430)(091)  |2 1981 
080 |a 791.43-312.40  |2 1981 
100 1 |a Rumanovský, Ivan,  |d 1929-2001  |4 aut  |9 105321 
245 1 0 |a Rozprávanie o Draculovi  |b keď Wisborg ležal na Orave  |c Ivan Rumanovský 
630 0 7 |a Upír Nosferatu (film)  |2 snkbucl  |9 1037381 
650 0 7 |a filmové horory  |2 snkbucl  |9 27768 
655 7 |a recenzie  |2 snkbucl  |9 21907 
655 7 |a články z novín a časopisov  |2 snkbucl  |9 267496 
773 0 |t Slovenský národ  |g Roč. 5, č. 8 (1994), s. 6 a 11 
850 |a Slovenská národná knižnica v Martine  |a MTA001 
852 |a SNK  |b KIS3GCP 
958 |a RK 
958 |a DE 
992 |a RBX 
999 |c 2531730  |d 2533660